Taxmann's Principles & Practice of Accounting/ (Record no. 194120)

MARC details
000 -LEADER
fixed length control field 00537nam a22001697a 4500
005 - DATE AND TIME OF LATEST TRANSACTION
control field 20221207170551.0
010 ## - LCCN (DPL NO)
LC control number E.N.A./7.11.22
020 ## - INTERNATIONAL STANDARD BOOK NUMBER
International Standard Book Number 9789356223172
Terms of availability 875.00
037 ## - SOURCE OF ACQUISITION
Source of stock number/acquisition Taxmann
100 ## - MAIN ENTRY--PERSONAL NAME
Personal name Sharma, D.G.
245 ## - TITLE STATEMENT
Title Taxmann's Principles & Practice of Accounting/
Statement of responsibility, etc D.G. Sharma and S.K.Agrawal
260 ## - PUBLICATION, DISTRIBUTION, ETC. (IMPRINT)
Place of publication, distribution, etc New Delhi
Name of publisher, distributor, etc Taxmann Publications
Date of publication, distribution, etc 2022
270 ## - ADDRESS
Address 59/32, New Rohtak Road
City New Delhi
Postal code 110005
Telephone number 911145562222
Electronic mail address sales@taxmann.com
300 ## - PHYSICAL DESCRIPTION
Extent 608p.
Dimensions 27cm(pbk)
700 ## - ADDED ENTRY--PERSONAL NAME
Personal name Agrawal, S.K.
942 ## - ADDED ENTRY ELEMENTS (KOHA)
Source of classification or shelving scheme Dewey Decimal Classification
Item type English Books
Call number suffix SHA

No items available.


© Delhi Public Library
Hit Counter
free hit counter